Foye's principles of medicinal chemistry / by (Record no. 20581)
[ view plain ]
| 000 -LEADER | |
|---|---|
| fixed length control field | 00476nam a22001457a 4500 |
| 008 - FIXED-LENGTH DATA ELEMENTS--GENERAL INFORMATION | |
| fixed length control field | 250131b |||||||| |||| 00| 0 eng d |
| 020 ## - INTERNATIONAL STANDARD BOOK NUMBER | |
| International Standard Book Number | 978146385024 |
| 050 ## - LIBRARY OF CONGRESS CALL NUMBER | |
| Classification number | RS403 |
| Item number | .F69 |
| 100 ## - MAIN ENTRY--PERSONAL NAME | |
| Personal name | Roche, Victoria F....{et.al}. |
| 245 ## - TITLE STATEMENT | |
| Title | Foye's principles of medicinal chemistry / by |
| Statement of responsibility, etc. | Victoria F. Roche, S. William Zito , Thomas L. Lemke & David A. Williams |
| 250 ## - EDITION STATEMENT | |
| Edition statement | 8th ed. |
| 260 ## - PUBLICATION, DISTRIBUTION, ETC. (IMPRINT) | |
| Place of publication, distribution, etc. | New York |
| Name of publisher, distributor, etc. | Wolters Kluwer |
| Date of publication, distribution, etc. | 2020 |
| 300 ## - PHYSICAL DESCRIPTION | |
| Extent | xix, 1626p. |
| Other physical details | ill. |
| 942 ## - ADDED ENTRY ELEMENTS (KOHA) | |
| Source of classification or shelving scheme | Library of Congress Classification |
| Koha item type | General Collection |
| Withdrawn status | Lost status | Source of classification or shelving scheme | Not for loan | Home library | Current library | Date acquired | Cost, normal purchase price | Inventory number | Total Checkouts | Total Renewals | Full call number | Barcode | Checked out | Date last seen | Date last checked out | Copy number | Price effective from | Koha item type |
|---|---|---|---|---|---|---|---|---|---|---|---|---|---|---|---|---|---|---|
| Library of Congress Classification | Kabarak, Main Campus | Kabarak, Main Campus | 31/01/2025 | 14342.00 | 2025/2017 | 2 | 1 | RS403 .F69 2020 C.1 | 33490 | 16/10/2025 | 30/09/2025 | 30/09/2025 | C.1 | 31/01/2025 | General Collection | |||
| Library of Congress Classification | Kabarak, Main Campus | Kabarak, Main Campus | 31/01/2025 | 14342.00 | 2025/2018 | 3 | 1 | RS403 .F69 2020 C.2 | 33491 | 28/11/2025 | 08/10/2025 | C.2 | 31/01/2025 | General Collection |